Akta Zon Bebas dan Peraturan-peraturan AKTA 438 : (Record no. 1081)

000 -LEADER
fixed length control field nam a22 a 4500
003 - CONTROL NUMBER IDENTIFIER
control field AKMAL
005 - DATE AND TIME OF LATEST TRANSACTION
control field 20170508122701.0
008 - FIXED-LENGTH DATA ELEMENTS--GENERAL INFORMATION
fixed length control field 170508s2007 my | e | 000 0 may d
020 ## - INTERNATIONAL STANDARD BOOK NUMBER
International Standard Book Number 9677010573 (2007) (kkt.) :
Terms of availability RM15.00
020 ## - INTERNATIONAL STANDARD BOOK NUMBER
International Standard Book Number 9789677010574 (kkt.)
040 ## - CATALOGING SOURCE
Original cataloging agency AKMAL
082 04 - DEWEY DECIMAL CLASSIFICATION NUMBER
Classification number 343.595056 MAL
Edition number 22
090 00 - LOCALLY ASSIGNED LC-TYPE CALL NUMBER (OCLC); LOCAL CALL NUMBER (RLIN)
Classification number (OCLC) (R) ; Classification number, CALL (RLIN) (NR) 343.595056
Local cutter number (OCLC) ; Book number/undivided call number, CALL (RLIN) MAL
100 1# - MAIN ENTRY--PERSONAL NAME
Personal name Malaysia
9 (RLIN) 417
245 10 - TITLE STATEMENT
Title Akta Zon Bebas dan Peraturan-peraturan AKTA 438 :
Remainder of title semua pindaan hingga Mei, 2007 /
Statement of responsibility, etc. disusun semula oleh Penasihat Undang-Undang MDC
260 ## - PUBLICATION, DISTRIBUTION, ETC.
Place of publication, distribution, etc. Kuala Lumpur :
Name of publisher, distributor, etc. MDC Publishers,
Date of publication, distribution, etc. 2007
300 ## - PHYSICAL DESCRIPTION
Extent iii, 64ms. ;
Dimensions 26cm.
490 1# - SERIES STATEMENT
Series statement Undang-undang Malaysia
500 ## - GENERAL NOTE
General note Tajuk Muka Depan - Akta Zon Bebas, Peraturan-Peraturan Zon Bebas, Pemberitahuan Zon Bebas ( Kawasan Yang Diisytiharkan)
500 ## - GENERAL NOTE
General note Cetakan Kedua 2007
650 10 - SUBJECT ADDED ENTRY--TOPICAL TERM
Topical term or geographic name entry element Free ports and zones
General subdivision Law and legislation
Geographic subdivision Malaysia
9 (RLIN) 2242
650 20 - SUBJECT ADDED ENTRY--TOPICAL TERM
Topical term or geographic name entry element Sales tax
General subdivision Law and legislation
Geographic subdivision Malaysia
9 (RLIN) 621
650 20 - SUBJECT ADDED ENTRY--TOPICAL TERM
Topical term or geographic name entry element Custom administration
General subdivision Law and legislation
Geographic subdivision Malaysia
9 (RLIN) 2243
710 2# - ADDED ENTRY--CORPORATE NAME
Corporate name or jurisdiction name as entry element Penasihat Undang-Undang MDC
9 (RLIN) 405
830 #0 - SERIES ADDED ENTRY--UNIFORM TITLE
Uniform title UNDANG-UNDANG MALAYSIA
9 (RLIN) 2258
942 ## - ADDED ENTRY ELEMENTS (KOHA)
Source of classification or shelving scheme
Koha item type Book
950 ## - LOCAL HOLDINGS (RLIN)
Permanent shelving location, LOC (RLIN) AKMAL
Holdings
Withdrawn status Lost status Source of classification or shelving scheme Damaged status Not for loan Collection code Home library Current library Shelving location Date acquired Inventory number Total Checkouts Full call number Barcode Date last seen Date last checked out Price effective from Koha item type
          NON-FICTION AKMAL Melaka AKMAL Melaka PINJAMAN 08.05.2017 305046 1 343.595056 MAL 201702240 18.06.2017 09.06.2017 08.05.2017 Book
Pusat Sumber Maklumat Dato' Haji Sarmin Md Hussin, Akademi Kastam Diraja Malaysia, Melaka
Tel: 06-2331106 | Faks: 06-2313787